I zázrak potřebuje reklamu pestrý průvodce světem reklamní a marketingové komunikace

Saved in:
Bibliographic Details
Main Author: Cézar, Jan
Format: Book
Language:Czech
Published: Brno Computer Press 2007
Subjects:
Tags: Add Tag
No Tags, Be the first to tag this record!

MARC

LEADER 00000nam$a2200000$$$4500
001 0076205
005 20240311131229.1
020 |a 978-80-251-1688-3 
041 0 |a cze 
044 |a CZ 
245 1 0 |a I zázrak potřebuje reklamu  |b pestrý průvodce světem reklamní a marketingové komunikace  |c Jan Cézar 
264 1 |a Brno  |b Computer Press  |c 2007 
300 |a vii, 199 s. 
610 2 0 |a reklama 
610 2 0 |a komunikácia marketingová 
610 2 0 |a značky výrobkov 
610 2 0 |a prostriedky reklamné 
610 2 0 |a taktika reklamy 
610 2 0 |a metódy propagačné 
610 2 0 |a médiá 
610 2 0 |a kampane reklamné 
610 2 0 |a psychológia reklamy 
610 2 0 |a tvorba reklamy 
610 2 0 |a trh reklamný 
100 1 |a Cézar, Jan